Responses for show #7647 - Tuesday, December 5, 2017

Contestants

[<< previous game]

Kimberly Kist, a retired teacher from Williamsport, Pennsylvania

Matthias Clark, a financial software consultant from River Forest, Illinois

Kyle Becker, a research scientist from Nashville, Tennessee (whose 1-day cash winnings total $18,401)

[next game >>]

Jeopardy! Round responses

HALLS OF FAME
(Alex: We'll give you some members. You identify the Halls of Fame for us.)
COOKBOOKS
WAR IS OVER
9-LETTER WORDS
"U" LOVE MUSIC
A TRIP TO ITALY
    $200 18
baseball

Matthias
    $200 23
Run Fast. Eat Slow.

Triple Stumper
    $200 1
(Kimberly: What is the Seven Days War?)

the Six Days War

KyleKimberly
    $200 11
a handlebar

Matthias
    $200 6
Carrie Underwood

Matthias
    $200 16
(Matthias: What is the Mediterranean?)
(Kimberly: What is the Tyrrhenian?)
(Kyle: What is the Aegean?)

the Adriatic

KyleMatthiasKimberly
Triple Stumper
    $400 19
inventors

Matthias
    $400 24
(Alex: Less than a minute now.)

Japan

Triple Stumper
    $400 2
the Gulf War

Matthias
    $400 12
Dairyland

Kyle
    $400 7
"UpTown Funk!"

Matthias
    $400 17
a pizzeria

Kyle
    $600 20
blues

Matthias
    $600 28
(Kyle: Who is Wilder?)
...
[The end-of-round signal sounds.]

Melissa Gilbert

Kyle
Triple Stumper
    $600 3
the U.S. Civil War

Triple Stumper
    $1,000 13
cosmology

Kyle
    $600 8
Usher

Triple Stumper
    $600 25
Milan

Matthias
    $800 21
(Matthias: What are games?)

the Toy Hall of Fame

Matthias
Triple Stumper
    $800 4
the Hundred Years' War

Matthias
    $800 14
(Matthias: What is separation?)

abduction

MatthiasKimberly
    $800 9
"Under The Boardwalk"

Kimberly
    $800 26
(Matthias: What is the Colosseum?)
(Kyle: What is St. Peter's Basilica?)

the Leaning Tower of Pisa

KyleMatthias
Triple Stumper
    $1000 22
the Women's Hall of Fame

Triple Stumper
    $1000 5
(Kyle: What is the French and Indian War?)

the Crimean War

Kyle
Triple Stumper
    $1000 15
the firmament

Triple Stumper
    $1000 10
UB40

Matthias
    $1000 27
Amalfi

Kimberly

Scores at the first commercial break (after clue 15):

Kyle Matthias Kimberly
$600 $2,200 $1,400

Scores at the end of the Jeopardy! Round:

Kyle Matthias Kimberly
-$600 $2,200 $2,200

Double Jeopardy! Round responses

HALLS OF FAME
FEELING YOUR OATHS
THE ELEMENT NAMED FOR...
UNESCO CITIES OF LITERATURE
POP CULTURE 2000
"G" STRING
    $400 16
Hallmark

Matthias
    $400 21
the president of the United States (or presidential oath)

Kimberly
    $400 1
(Matthias: What is saturnium?)
(Kyle: What is Uranus?)

uranium

KyleMatthias
Triple Stumper
    $400 11
Edinburgh

Kyle
    $400 6
a glossary

Matthias
    $800 17
reflexes

Triple Stumper
    $800 22
the Boy Scout Oath

Kyle
    $800 2
curium

Kyle
    $800 12
Barcelona

Matthias
    $800 29
[The end-of-round signal sounds.]

People

Kyle
    $800 7
gauge

Kyle
    $1200 18
Moby

Kimberly
    $1200 23
the Olympic Oath

Kyle
    $1200 3
helium

Kyle
    $1200 13
Iowa

Kyle
    $1200 28
Who Wants to be a Millionaire?

Matthias
    $1200 8
a gaffe

Matthias
    $1600 19
the Communist Party

Matthias
    $2,000 24
the Hippocratic Oath

Kyle
    $2,000 4
fermium

Kyle
    $1600 14
(Matthias: Who is Pancho?)

the gaucho

Matthias
Triple Stumper
    $1600 27
(Matthias: Who is Casey Affleck?)

Kenneth Lonergan

Matthias
Triple Stumper
    $1600 9
gristle

Kimberly
    $2000 20
(Alex: All about Mutiny on the [*].)

the Bounty

Kimberly
    $2000 25
(Alex: With less than a minute to deal with the last category.)

fiduciary

Matthias
    $2000 5
iridium

Kyle
    $2000 15
New Zealand

Triple Stumper
    $2000 26
Erykah Badu

Triple Stumper
    $2000 10
(Kimberly: What is a Gila monster?)

goanna

Kimberly
Triple Stumper

Scores at the end of the Double Jeopardy! Round:

Kyle Matthias Kimberly
$12,200 $6,200 $5,400

[wagering suggestions for these scores]

Final Jeopardy! Round responses

19th CENTURY EUROPE
(Alex: [To Matthias] Going for the council of what?)
(Matthias: Nicaea.)
...
(Alex: [To Kyle] Remember, 1814, 1815, just after the defeat of Napoleon. Napoleon's off to Elba. This was [*].)
KimberlyWhat is the coronation
$5,000
MatthiasWhat is the Council of N
$5,800
KyleWhat is the College of Cardinals?
$201
the Congress of Vienna

Final scores:

Kyle Matthias Kimberly
$11,999 $400 $400
2-day champion: $30,400 2nd place: $2,000 3rd place: $1,000

Game dynamics:

Coryat scores:

Kyle Matthias Kimberly
$11,000 $6,200 $5,400
15 R
(including 3 DDs),
5 W
17 R,
7 W
7 R,
3 W

Combined Coryat: $22,600

The J! Archive is created by fans, for fans. The Jeopardy! game show and all elements thereof, including but not limited to copyright and trademark thereto, are the property of Jeopardy Productions, Inc. and are protected under law. This website is not affiliated with, sponsored by, or operated by Jeopardy Productions, Inc. Join the discussion at JBoard.tv.